|
|
|
|
| LEADER |
01391nam a2200313 a 4500 |
| 001 |
12946932 |
| 003 |
BD-DhAAL |
| 008 |
090721r20052002 enka b 001 0 eng d |
| 010 |
|
|
|a 2002725568
|
| 020 |
|
|
|a 0761974350(hbk)
|
| 020 |
|
|
|a 0761974369(pbk)
|
| 040 |
|
|
|a DLC
|c DLC
|d DLC
|d BD-DhAAL
|
| 082 |
0 |
4 |
|a 300/.7/2
|2 21
|
| 100 |
1 |
|
|a Flick, Uwe,
|d 1956-
|9 54347
|
| 240 |
1 |
0 |
|a Qualitative Forschung.
|l English
|
| 245 |
1 |
3 |
|a An introduction to qualitative research /
|c Uwe Flick.
|
| 250 |
|
|
|a Second edition.
|
| 260 |
|
|
|a London ;
|a Thousand Oaks, Calif. :
|b SAGE Publications,
|c 2002 [Reprinted 2005].
|
| 300 |
|
|
|a x, 310 pages :
|b illustrations ;
|c 25 cm.
|
| 504 |
|
|
|a Includes bibliographical references (p. 283-300) and indexes.
|
| 526 |
|
|
|x Salim khan
Sr. program Associate
James P. Grant School.
Course name and no. N/A
|
| 541 |
1 |
|
|a A H Development publishing house
|e 00018457
|
| 650 |
|
0 |
|a Psychology
|x Qualitative research.
|9 54348
|
| 650 |
|
0 |
|a Social sciences
|x Methodology.
|
| 650 |
|
0 |
|a Qualitative research.
|
| 852 |
4 |
|
|a School of Public Health.
|
| 942 |
|
|
|2 ddc
|c BK
|
| 999 |
|
|
|c 2632
|d 2632
|
| 952 |
|
|
|0 0
|1 0
|2 ddc
|4 0
|6 300_720000000000000_FLI
|7 0
|9 2397
|a JPGSPH
|b JPGSPH
|d 2009-04-28
|e A. H. Development Publishing House.
|g 3250.00
|l 0
|o 300.72 FLI
|p 3010018457
|r 2009-07-21
|t 1
|w 2009-07-21
|y BK
|x Requisitioned by Salim khan, Sr. program Associate, James P. Grant School. Course name and no. N/A
|